00320 a2200109 4500020001800000082001400018100001600032245008100048250001000129260005300139300001800192 a81-8220-159-4 a530.09223 aBasu, S. K. aEncyclopaedic Biography of The World Great Physicists (Volume 4)cS. K. Basu a2006. aNew DelhibGlobal Vision Publishing Housec2006. axx, 1101-1404